000 01164nas a2200241 a 4500
001 72618
003 146796
005 20201118111040.0
008 ||||||n9999 ||| || ||
020 _a71234
245 0 _aBritish Journal of Political Science
260 _aInglaterra :
_bCambridge University Press,
310 _aTRIME
520 _aEl diario británico de la ciencia política es un diario ampliamente basado que apunta cubrir progresos a través de una amplia gama de países y de especializaciones. Las contribuciones se dibujan de todos los campos de la ciencia política (teoría política incluyendo, comportamiento político, orden público y las relaciones internacionales), y los artículos de eruditos en las disciplinas relacionadas (sociología, psicología social, economía y filosofía).
562 _e0
650 _aCIENCIAS POLÍTICAS--PUBLICACIONES SERIADAS
650 _aCIENCIAS SOCIALES--PUBLICACIONES SERIADAS
650 _aECONÓMIA POLÍTICA--PUBLICACIONES SERIADAS
650 _aFILOSOFIA--PUBLICACIONES SERIADAS
650 _aSOCIOLOGÍA--PUBLICACIONES SERIADAS
942 _cSER
999 _c72618
_d72618